[Event "Seattle Amateur"]
[Site "?"]
[Date "1972.10.22"]
[Round "5"]
[White "Polich, D."]
[Black "Bailey, B."]
[Result "0-1"]
[WhiteElo "1783"]
[BlackElo "2018"]
[Annotator "Stockfish 14 (15s)"]
[PlyCount "98"]
[EventDate "1972.??.??"]

{A01: Nimzowitsch-Larsen Opening} 1. b3 d5 2. Bb2 c5 3. e3 Nc6 4. d4 cxd4 5.
Bxd4 (5. exd4 Nf6 6. Nf3 Bg4 7. Be2 e6 8. O-O (8. Nbd2 Bd6 9. O-O O-O 10. c4
Rc8 11. Rc1 Bb8 12. Ne5 Bf5 13. Ndf3 Qa5 14. a3 dxc4 15. Bxc4 Rfd8 16. Qe2 h6
17. Rfd1 Ne7 18. b4 Qb6 19. Bb3 Rxc1 20. Rxc1 Ned5 21. Bc2 Bxc2 22. Rxc2 Qd6 {
Rodriguez Mora,E-Kurajica,M (2225) Tenerife 2005 0-1 (46)}) 8... Bd6 9. Ne5
Bxe2 10. Qxe2 Rc8 11. c4 O-O 12. Nd2 Qa5 13. a3 Qa6 14. Rfe1 dxc4 15. bxc4 Na5
16. f4 Bxe5 17. fxe5 Nd7 18. Rac1 Nb6 19. c5 Qxe2 {
Todorovic,M (2275)-Arakhamia Grant,K (2385) Pula 1990 0-1 (32)}) 5... Nxd4 6.
Qxd4 Nf6 7. c4 $146 (7. Bb5+ Bd7 8. Bxd7+ Qxd7 9. Nd2 Rc8 10. c4 e6 11. cxd5
Bc5 12. dxe6 Qxd4 13. exf7+ Kxf7 14. exd4 Rhe8+ 15. Kd1 Bxd4 16. Rb1 Ng4 17.
Nh3 Bxf2 18. Nc4 Rcd8+ 19. Kc1 b5 20. Nxf2 Nxf2 21. Rf1 Re2 {
Sablewski,A-Bossaller,N Germany 1999 0-1 (41)}) (7. Bb5+ $5 Bd7 8. Bxd7+ Qxd7
9. Nf3 $15) 7... e6 $17 8. a3 Qc7 (8... g6 9. cxd5 Bg7 10. Bb5+ Bd7 11. Bxd7+
Qxd7 12. Ra2 $17) 9. Nf3 Bc5 (9... Be7 $5 $17) 10. Qb2 $15 O-O 11. b4 (11. Nbd2
$5 $15) 11... Be7 $17 12. c5 (12. Nbd2 $5 a5 13. Rc1 axb4 14. axb4 dxc4 15.
Bxc4 $17) 12... b6 $19 13. cxb6 Qxb6 (13... axb6 14. Nc3 Bd7 $19) 14. Qd4 $2 (
14. Nc3 $5 $17) 14... Bd7 (14... Ne4 15. Bd3 $19) 15. Be2 Rfc8 16. O-O (16.
Nbd2 Qxd4 17. Nxd4 a5 18. bxa5 Rxa5 $19) 16... Ne4 17. Ne5 Be8 18. f4 (18. Bd3
Qxd4 19. exd4 $19) 18... Qxd4 (18... Bd8 $5 19. Ra2 Qb7 20. a4 $19) 19. exd4 a5
20. b5 (20. bxa5 Rxa5 21. Nf3 $19) 20... a4 21. Ra2 Rab8 22. Rb2 Nc3 (22... f6
$142 23. Nf3 Bd8 $19) 23. Kf2 (23. Nxc3 Rxc3 24. Rf3 $19) 23... Nxe2 24. Rxe2
Bxb5 25. Ree1 (25. g3 Bxe2 26. Kxe2 Rb2+ 27. Ke3 Rxh2 $19) 25... Rc2+ 26. Kg3 (
26. Kg1 Bxf1 27. Kxf1 Bh4 $19) 26... Bxf1 27. Rxf1 Rb3+ 28. Rf3 Rxb1 29. Nd7
Rbb2 30. Nf6+ (30. f5 Rxg2+ 31. Kf4 Bd6+ 32. Ne5 f6 33. Rg3 fxe5+ 34. dxe5
Rbf2+ 35. Rf3 Bxa3 36. Rxf2 Rxf2+ 37. Kg4 Rxf5 38. h3 Be7 39. h4 a3 40. h5 a2
41. Kh3 a1=Q 42. Kg2 Qf1+ 43. Kg3 Qg1+ 44. Kh3 Rxh5#) 30... Bxf6 31. Kg4 (31.
f5 Rxg2+ 32. Kh3 e5 33. dxe5 Rxh2+ 34. Kg4 Bxe5 35. Rh3 h5+ 36. Kxh5 Rxh3+ 37.
Kg4 Rg3+ 38. Kh5 Rh2#) 31... h5+ $1 32. Kxh5 (32. Kxh5 Rxg2 {Zwischenzug})
32... Rxg2 33. Rg3 Rxh2+ (33... Be7 34. Kg4 f5+ 35. Kf3 Rgc2 36. Rxg7+ Kxg7 37.
h3 Rb3#) 34. Kg4 Rh4+ 35. Kf3 Bxd4 36. Rxg7+ (36. Rg2 Rh3+ 37. Rg3 Rb3+ 38. Ke2
Rbxg3 39. f5 Rh2+ 40. Kd1 Rg1#) 36... Kxg7 37. f5 (37. Kg3 f5 $1 38. Kxh4 Rb3
39. Kh5 Rh3+ 40. Kg5 Bf6#) 37... Rb3+ (37... Be5 38. f6+ Kxf6 39. Ke3 Rh3#) 38.
Kg2 Rg4+ (38... exf5 39. Kf1 Rh2 40. Ke1 Rb1#) 39. Kh2 (39. Kf1 Rg1+ 40. Ke2
Rb2+ 41. Kf3 Rf2#) 39... exf5 40. Kh1 f4 (40... Rh3#) 41. Kh2 Kg6 42. Kh1 f3 (
42... Rh3#) 43. Kh2 f2 44. Kh1 Rgg3 (44... Rh3#) 45. Kh2 Be5 46. Kh1 Rb1+ (
46... Rg1#) 47. Kh2 f1=N+ (47... Rgb3+ 48. Kg2 f1=Q#) 48. Kh1 Nd2+ 49. Kh2 Nf3#
0-1

[Event "Boeing - UW Match"]
[Site "?"]
[Date "1972.11.12"]
[Round "1"]
[White "Bailey, B."]
[Black "Ruotsalainen, R."]
[Result "1/2-1/2"]
[WhiteElo "2038"]
[BlackElo "2002"]
[Annotator "Stockfish 12 (15s)"]
[PlyCount "107"]
[EventDate "1972.??.??"]

{C84: Closed Ruy Lopez: Unusual White 6th moves} 1. e4 e5 2. Nf3 Nc6 3. Bb5 a6
4. Ba4 Nf6 5. d3 b5 6. Bb3 Be7 7. Nc3 d6 8. h3 Na5 9. O-O O-O 10. Nd5 Nxd5 11.
Bxd5 c6 12. Bb3 Nxb3 13. axb3 f5 (13... Qc7 14. Nh2 d5 15. Qe2 Be6 16. Bd2 f5
17. exf5 Bxf5 18. Bc3 Bd6 19. Nf3 e4 20. dxe4 Bxe4 21. Ng5 Rae8 22. Nxe4 Rxe4
23. Qd1 Qa7 24. Be1 Rfe8 25. Kh1 Re2 26. c4 d4 27. cxb5 cxb5 28. Qd3 {
Jimenez,M (2141)-Avelar,G San Jose 2004 1-0 (35)}) 14. exf5 (14. b4 Qe8 15. Qe2
Be6 16. exf5 Bxf5 17. Bg5 Bxg5 18. Nxg5 Qg6 19. Qe3 h6 20. Ne4 Qe6 21. Ra3 Bxe4
22. dxe4 d5 23. Rfa1 Rf4 24. Rxa6 Rxa6 25. Rxa6 Rxe4 26. Ra8+ Kh7 27. Qd3 Qf5
28. Kf1 Rf4 {Jovic,L (2325)-Smagin,S (2495) Novi Sad 1986 1/2-1/2 (87)}) 14...
Bxf5 15. Qe2 $146 (15. Nh2 Qe8 16. f4 {
1/2-1/2 (16) Buljovcic,I (2425)-Danilovic,M (2350) Belgrade 1988}) 15... g5 (
15... h6 $142 $5 $17) 16. Nh2 (16. Qe3 h6 17. b4 $11) 16... Bg6 $2 (16... Qe8
$142 $5 $11) 17. Bd2 Qd7 18. Bc3 (18. b4 h6 $16) 18... h5 19. f3 (19. b4 $5 $14
) 19... Bd8 20. Kh1 c5 21. b4 cxb4 22. Bxb4 Bb6 (22... a5 23. Bd2 $15) 23. Bd2
$11 Qd8 (23... Qf5 24. Rfe1 Rfc8 25. Rec1 $11) 24. Be3 (24. Rfe1 a5 $11) 24...
a5 $11 25. Bxb6 Qxb6 26. Qd2 Rf5 {Black prepares the advance b4} 27. Rad1 Rc8
28. c3 b4 29. d4 exd4 30. Qxd4 (30. cxb4 axb4 31. f4 Rcf8 32. Qxd4 Qxd4 33.
Rxd4 Rxf4 34. Rfxf4 Rxf4 35. Rxd6 Kg7 $11) 30... Qxd4 $15 31. Rxd4 (31. cxd4 $4
Rc2 32. g4 Rb5 33. gxh5 Bxh5 $19) 31... bxc3 32. bxc3 Rxc3 33. Rxd6 Kf7 34. Re1
(34. g4 Rb5 35. gxh5 Bxh5 $11) 34... Rfc5 $15 35. Kg1 Rc1 36. Kf2 (36. Rd7+ Kf6
37. Rd6+ Kg7 38. Rd7+ Bf7 39. Rxc1 Rxc1+ 40. Kf2 Rc2+ 41. Ke3 Rxg2 42. Nf1 $11)
36... R5c2+ $19 37. Re2 Rxe2+ 38. Kxe2 Rc2+ 39. Rd2 $4 (39. Ke3 $142 Rxg2 40.
Nf1 $19) 39... Rxd2+ 40. Kxd2 Kf6 41. g3 Ke5 42. Kc3 a4 (42... Bf5 $142 43. Nf1
Bxh3 $19) 43. Kb4 $11 Bc2 44. h4 gxh4 45. gxh4 Bf5 46. Kxa4 Bh3 47. Kb3 Kf4 48.
Kc2 Kg3 49. Ng4 Bxg4 50. fxg4 Kxg4 51. Kd1 Kxh4 52. Ke1 Kg3 53. Kf1 Kh2 54. Kf2
1/2-1/2

[Event "Boeing - UW Match"]
[Site "?"]
[Date "1972.11.12"]
[Round "2"]
[White "Ruotsalainen, R."]
[Black "Bailey, B."]
[Result "1-0"]
[WhiteElo "2002"]
[BlackElo "2038"]
[Annotator "Stockfish 12 (15s)"]
[PlyCount "179"]
[EventDate "1972.??.??"]

{C95: Closed Ruy Lopez: Breyer Variation with 10 d4} 1. e4 e5 2. Nf3 Nc6 3. Bb5
a6 4. Ba4 Nf6 5. O-O Be7 6. Re1 b5 7. Bb3 O-O 8. c3 d6 9. h3 Nb8 10. d4 Nbd7
11. Nbd2 Bb7 12. Bc2 Re8 13. Nf1 Bf8 14. d5 c6 15. dxc6 Bxc6 16. g4 $146 (16.
Ng3 g6 (16... Qc7 17. Bg5 h6 18. Bxf6 Nxf6 19. Nh2 g6 20. Ng4 Nxg4 21. Qxg4 Bd7
22. Qf3 Be6 23. Bb3 Bxb3 24. axb3 Be7 25. Nf1 Bg5 26. Red1 Reb8 27. Qd3 Rb6 28.
Nh2 b4 29. c4 Rc6 30. Nf3 a5 31. Ra4 {
Ris,R (2337)-Pruijssers,R (2310) Groningen 2005 0-1 (89)}) (16... h6 17. Qe2
Nc5 18. Be3 Qc7 19. Qxb5 axb5 20. Nh4 Rad8 21. Ngf5 Nfxe4 22. Rad1 Nf6 23. Nf3
e4 24. N3d4 Nd3 25. Bf4 Nxf4 26. Bd3 Nxd3 27. b4 Ng4 28. hxg4 Nb2 29. Nc2 Nc4
30. Ng3 g6 {0-1 (30) Sarangerel,V (2045)-Krivec,J (2180) Elista 1998}) (16...
Nc5 17. Nh2 d5 18. Bg5 dxe4 19. Qe2 Nd3 20. Ng4 Nxe1 21. Nh5 Nxh5 22. Bxd8 Nxc2
23. Qxc2 Raxd8 24. Ne3 Nf4 25. Rd1 Rxd1+ 26. Qxd1 Nd3 27. b3 Bc5 28. Qg4 Nxf2
29. Kxf2 f5 30. Qd1 f4 31. b4 {
Bernard,I-Slipak,S (2450) Buenos Aires 1995 0-1 (36)}) 17. a4 Qc7 18. Qe2 Qb7
19. b4 Rac8 20. Bd3 d5 21. axb5 axb5 22. Bd2 Bd6 23. Nh2 Ra8 24. f3 Ra7 25.
exd5 Bxd5 26. Bxb5 e4 27. Nxe4 Nxe4 28. fxe4 Rxa1 29. Rxa1 Rxe4 30. Qf1 Ne5 {
Capobianco,Y-Saralegui,M Uruguay 1986 1/2-1/2 (38)}) (16. N3h2 $5 $11) 16... d5
$17 17. Ng3 (17. exd5 $5 Nxd5 18. Ng5 $17) 17... dxe4 (17... Nxe4 18. Nxe4 dxe4
19. Bxe4 Bxe4 20. Rxe4 $19) 18. Nxe4 Nxe4 19. Bxe4 Bxe4 20. Rxe4 Qc7 21. Bg5 $2
(21. Qe2 $142 $17) 21... Nc5 $19 22. Re3 f6 (22... e4 $5 23. Nd4 g6 24. Qe2 $19
) 23. Bh4 $17 Rad8 24. Qe2 g5 (24... h6 $142 $5 $19) 25. Bg3 $17 Rd7 (25... Qd7
26. Qc2 $17) 26. h4 $11 h6 27. Nd4 (27. b4 Na4 28. Qc2 Qc6 29. hxg5 hxg5 30.
Bxe5 Rh7 31. Qg6+ Rg7 $11) 27... Qc8 (27... Rd5 28. b4 Na4 29. Qc2 $15) 28.
hxg5 $15 hxg5 29. Re1 Rh7 30. c4 $2 (30. f3 Rd8 31. Bxe5 fxe5 32. Rxe5 Qc7 33.
Rxg5+ Kh8 34. Qe5+ Qxe5 35. Rgxe5 Nd3 $11) 30... Ne6 $4 (30... Rd8 $142 31. Nf5
Qb7 $19) 31. Nxe6 $11 Qxe6 32. cxb5 axb5 (32... Qxa2 33. Qc2 Qe6 34. bxa6 $11)
33. Qxb5 Rc8 34. Qb3 Qxb3 35. Rxb3 Rd7 36. Ree3 (36. Re2 Rc1+ 37. Kg2 Bc5 $11)
36... Rd2 (36... Rc4 37. Rb6 Kg7 38. Rf3 $11) 37. Red3 (37. Rf3 $142 Kg7 38.
Kg2 $11) 37... Rdc2 (37... Rxd3 $142 $5 38. Rxd3 Rc4 $11) 38. Rd7 $16 Bc5 $4 (
38... R2c7 $142 39. Rxc7 Rxc7 $16) 39. Rbb7 $18 Bd4 40. Rd6 (40. b4 $142 Rxa2
41. b5 $18) 40... Rxb2 $14 41. Rxb2 Bxb2 42. Rxf6 Ra8 43. Rf5 (43. Rg6+ $142
Kf7 44. Rxg5 $14) 43... Rxa2 $4 (43... Bc1 44. Rxe5 Rxa2 45. f3 $11) 44. Bxe5 (
44. Rxg5+ $142 Kf7 45. Bxe5 $18) 44... Bc1 $11 45. Bf6 Ra4 46. f3 Rf4 47. Rxf4
gxf4 $4 (47... Bxf4 $142 48. Kf2 Kf7 $11) 48. Kf2 $18 Kf7 49. Bc3 Kg6 50. Ke2
Kg5 51. Kd3 Be3 52. Ke4 Bc5 53. Be5 Be3 54. Bd6 Bd2 55. Be7+ Kg6 56. Ke5 Be3
57. Ke4 Bd2 58. Kd3 Be3 59. Bb4 Kg5 60. Bd2 Bc5 61. Ke4 Bd6 62. Ba5 Bb8 63. Bb6
Bd6 64. Ba5 Bb8 65. Bd8+ Kg6 66. Be7 Bc7 67. Bb4 Kg5 68. Bc3 Bb6 69. Bd4 Ba5
70. Kd3 Bc7 71. Bc5 Ba5 72. Be7+ Kg6 73. Bd6 Kg5 74. Be5 Bb6 75. Bd4 Ba5 76.
Bc5 Bc7 77. Ke4 Bb8 78. Be7+ Kg6 79. g5 (79. Kd5 $142 $18) 79... Kf7 $11 80.
Bd8 Ke6 $4 (80... Kg6 $142 $11) 81. g6 $18 Bd6 82. Bg5 Bc7 83. Bxf4 Ba5 84. Bg5
Bc3 85. f4 Kd7 86. Kd5 Ke8 87. Ke6 Kf8 88. Bh6+ Kg8 89. f5 Bd4 90. f6 1-0

[Event "UW Open"]
[Site "?"]
[Date "1972.11.18"]
[Round "1"]
[White "Bailey, B."]
[Black "Gervin, R."]
[Result "1-0"]
[WhiteElo "2038"]
[BlackElo "1602"]
[Annotator "Stockfish 14 (15s)"]
[PlyCount "61"]
[EventDate "1972.??.??"]

{B42: Sicilian: Kan Variation: 5 Bd3} 1. e4 c5 2. Nf3 e6 3. d4 cxd4 4. Nxd4 Nf6
5. Bd3 a6 6. c4 Be7 7. Nc3 O-O 8. O-O d6 9. Kh1 Nc6 10. Nxc6 bxc6 11. f4 (11.
b3 Nd7 12. Bb2 c5 13. f4 Bb7 14. Bc2 Qc7 15. Qg4 Bf6 16. Rf3 Bd4 17. Rh3 Qd8
18. Rd1 g6 19. Bc1 f5 20. Qg3 Qe7 21. Bd2 Rae8 {
1/2-1/2 (21) Chandler,M (2535)-Gheorghiu,F (2525) Vienna 1986}) 11... e5 12. f5
Bb7 13. b4 $146 (13. Bg5 h6 14. Bh4 d5 15. Bxf6 Bxf6 16. cxd5 cxd5 17. Nxd5
Bxd5 18. exd5 Qxd5 19. Qe2 Qa5 20. Bc4 Rfd8 21. Rad1 Rd4 {
1/2-1/2 (21) Feher,G (2420)-Orgovan,S (2325) Hungary 1996}) (13. Qf3 d5 14. Rd1
d4 15. Ne2 c5 16. Ng3 a5 17. Bg5 Ne8 18. Bxe7 Qxe7 19. Rf1 Nd6 20. Nh5 f6 21.
Qg4 Kh8 22. Rf3 Qf7 23. Rc1 Nxe4 24. Bxe4 Bxe4 25. Qxe4 Qxh5 26. Qd5 Rac8 27.
Qe4 Qf7 {Becker,N-Feuerstack,A Ueberlingen 2000 0-1 (57)}) (13. g4 $142 $5 d5
14. g5 Nxe4 15. Nxe4 (15. Bxe4 $143 dxe4 16. Be3 Bxg5 17. Qxd8 Bxd8 $15 (17...
Rfxd8 $4 18. Bxg5 Rd3 19. Rae1 $18)) 15... dxe4 16. Bxe4 Bxg5 17. Qxd8 Bxd8 18.
Be3 $11) 13... d5 $15 14. c5 (14. Rb1 $5 $15) 14... a5 $17 15. Ba3 axb4 16.
Bxb4 Ba6 (16... Nd7 17. Rb1 $17) 17. Bxa6 Rxa6 18. Qe2 Ra8 (18... Qa8 $142 $5
19. a3 d4 $17) 19. exd5 $11 Nxd5 20. Nxd5 (20. Rad1 $142 $5 Bf6 21. Ne4 $11)
20... cxd5 $17 (20... Qxd5 $4 21. Rfd1 $18) 21. a3 Qc7 (21... Re8 22. c6 Bg5
$17) 22. Qg4 $4 (22. c6 $5 $11) 22... f6 $4 (22... Qc6 $142 23. Bd2 Rfb8 $19)
23. Rf3 (23. Qf3 Qc6 $17) 23... Rfd8 (23... Rfc8 24. Rc3 $17) 24. Rh3 (24. Qh5
Bf8 25. Rh3 $15) 24... Kh8 (24... Bf8 $142 $5 25. Qh5 h6 $17) 25. Qg6 h6 26.
Bd2 Bf8 (26... Qxc5 $4 27. Bxh6 Qg1+ 28. Rxg1 Bf8 29. Bxg7+ Kg8 30. Rh8#) 27.
Bxh6 gxh6 28. Qxf6+ Bg7 $4 (28... Kg8 $142 29. Rg3+ Bg7 $11) 29. Rxh6+ $18 Kg8
30. Qg6 (30. Qg5 $142 Qf7 31. f6 $18) 30... Qf7 $4 (30... Kf8 $142 31. Qh7 Qf7
$11) 31. Rh8+ $3 $18 (31. Rh8+ Kxh8 32. Qxf7 $18) 1-0

[Event "UW Open"]
[Site "?"]
[Date "1972.11.18"]
[Round "2"]
[White "Carter, B."]
[Black "Bailey, B."]
[Result "1/2-1/2"]
[WhiteElo "1714"]
[BlackElo "2038"]
[Annotator "Stockfish 14 (15s)"]
[PlyCount "89"]
[EventDate "1972.??.??"]

{A07: Réti Opening: New York and Capablanca Systems} 1. c4 e5 2. Nc3 Nf6 3. d3
d5 4. cxd5 Nxd5 5. Nf3 Nxc3 (5... f6 6. g3 Be6 7. Bg2 Nc6 8. O-O Qd7 9. a3
O-O-O 10. Nxd5 Bxd5 11. b4 g5 12. Bd2 h5 13. Qa4 Kb8 14. b5 Bxf3 15. bxc6 Bxc6
16. Bxc6 Qxc6 17. Qxc6 bxc6 18. Rab1+ Ka8 19. Be3 c5 20. Rfc1 {
Terwitte,J (1314)-Bockelmann,F (1657) Kiel 2006 1/2-1/2 (36)}) 6. bxc3 Nc6 7.
g3 $146 (7. e3 Bg4 8. Be2 Be7 9. O-O Qd7 10. h3 Bh5 11. Rb1 b6 12. Bb2 O-O 13.
d4 e4 14. Nd2 Bg6 15. Qc2 Qe6 16. Bc4 Qf5 17. Qa4 Na5 18. Bb5 a6 19. Bd7 Qd5
20. Bg4 f5 21. Bd1 Kh8 {Blenckner,C-Groot,P Neumuenster 1999 1-0 (37)}) (7. Bb2
f5 8. g3 e4 9. Nd2 exd3 10. exd3 g6 11. c4 Nd4 12. Bxd4 Qxd4 13. Be2 Bc5 14.
O-O f4 15. Nb3 Qd6 16. Nxc5 Qxc5 17. Bf3 fxg3 18. Qe2+ Kf8 19. hxg3 Bf5 20. Qb2
Ke7 21. Rfe1+ Kd6 {Catone,E-Possanzini,P Italy 1996 1/2-1/2 (45)}) (7. e4 Bg4
8. Be2 Qf6 9. O-O Qg6 10. Rb1 Bh3 11. Nh4 Qf6 12. Nf3 Qg6 13. Nh4 Qf6 14. Nf3
Qg6 15. Nh4 Qf6 {1/2-1/2 (15) Meijler,P-Lenders,R Lommel 1999}) 7... Be7 8. Bg2
O-O 9. O-O Be6 10. Be3 (10. Qc2 Qd7 $14) 10... Rb8 (10... f5 11. Qc2 $11) 11.
Qc2 b6 12. Nd2 (12. d4 exd4 13. Nxd4 Nxd4 14. cxd4 Rc8 $11) 12... Qd7 13. Rfc1
f5 14. Qa4 Na5 (14... Bd5 $142 $5 15. Bxd5+ Qxd5 $11) 15. Qxd7 $14 Bxd7 16. f4
Bf6 17. fxe5 Bxe5 18. Bf4 Bxf4 (18... Rbe8 19. Kf2 $14) 19. gxf4 Bc6 20. Bxc6
Nxc6 21. Nf3 Rfe8 22. Kf2 h6 (22... Rbd8 $142 $5 $14) 23. h4 $16 Kf7 (23... Re6
$16) 24. Nd4 (24. Rg1 $5 Re6 $18) 24... Nxd4 (24... Ne7 25. Nf3 Nd5 26. Ne5+
Ke6 27. Nc6 $14) 25. cxd4 Re7 26. Rc6 Rbe8 27. Re1 a5 (27... Rd8 $5 28. e3 Rd5
$16) 28. e3 $18 Kf8 29. Kf3 Rd8 30. Rec1 Rde8 31. Re1 Rd8 32. Re2 Rdd7 $4 (
32... a4 $142 $5 $16) 33. a4 (33. Rec2 a4 $18) 33... Ke8 (33... Rd8 34. h5 $18)
34. h5 (34. Rec2 $142 Kd8 35. R2c4 h5 $18) 34... Kd8 35. Rg2 Kc8 (35... Rd5 36.
Rgc2 Rdd7 $18) 36. Rgg6 (36. Rb2 $142 Re8 37. Rb5 $18) 36... Kb7 $16 37. Rge6 (
37. Rc1 $142 $5 $16) 37... Rxe6 $11 38. Rxe6 c6 39. Re5 Rd5 $4 (39... Ka6 $142
$14) 40. Re7+ $18 Kb8 (40... Kc8 41. Rxg7 b5 $18) 41. Re6 (41. Rxg7 $142 Kc8
42. Rg6 $18) 41... Kc7 $11 42. Re7+ Rd7 43. Re5 Rd5 44. Re7+ Rd7 45. Re5
1/2-1/2

[Event "UW Open"]
[Site "?"]
[Date "1972.11.19"]
[Round "3"]
[White "Bailey, B."]
[Black "Kusnic, M."]
[Result "1-0"]
[WhiteElo "2038"]
[BlackElo "1712"]
[Annotator "Stockfish 14 (15s)"]
[PlyCount "61"]
[EventDate "1972.??.??"]

{B09: Pirc Defence: Austrian Attack} 1. e4 d6 2. d4 Nf6 3. Nc3 g6 4. f4 Bg7 5.
Nf3 O-O 6. Bc4 Nxe4 7. Bxf7+ Rxf7 8. Nxe4 Rf8 9. O-O Nd7 $146 (9... h6 10. Ng3
e6 11. Qd3 Qf6 12. Bd2 Nc6 13. c3 Bd7 14. Rae1 Rad8 15. h3 Ne7 16. Ne4 Qf7 17.
g4 b5 18. Re2 e5 19. fxe5 dxe5 20. Ref2 Qd5 21. Qe2 Bc6 22. Ng3 e4 23. Nh4 Rxf2
24. Rxf2 {Staudte,H-Vidmar,M Dubrovnik 1950 0-1 (46)}) (9... Bg4 10. c3 Kh8 {
1/2-1/2 (10) Berczes,D (2176)-Dobos,O (2147) Budapest 2001}) 10. Neg5 Nb6 11.
Qe2 (11. c3 $142 $14) 11... Rf6 (11... Qd7 $5 $11) 12. c4 (12. Bd2 Qe8 13. b3
Nd5 $16) 12... h6 13. Ne4 Rf8 14. d5 $4 (14. Ng3 $142 Qe8 15. h3 $16) 14... e6
$17 15. Qd3 exd5 16. cxd5 Bf5 17. Nd4 Qe7 (17... Qd7 18. Bd2 Rae8 19. Rae1 $17)
18. Nxf5 Rxf5 {Exerts pressure on the isolated pawn} (18... gxf5 $5 19. Ng3 Qf7
$15) 19. Ng3 $11 Rxd5 20. Qxg6 Qf6 (20... Qf7 $142 $5 21. Qg4 h5 $11) 21. Qg4
$16 Kh7 22. Kh1 (22. Qe2 $142 $16) 22... Qg6 $2 (22... Re8 $142 $5 $16) 23. Qh3
$18 h5 $2 (23... Re8 $142 24. f5 Qf6 $18) 24. f5 Qg4 25. Qxh5+ Qxh5 26. Nxh5
Rf8 (26... Be5 27. g4 Rg8 28. g5 $18) 27. Nxg7 Kxg7 28. g4 Nd7 (28... Nc4 29.
Kg2 Ne5 30. h3 $18) 29. Bf4 Ne5 30. Rae1 Nxg4 (30... b5 31. Re3 $18) 31. Rg1 (
31. Rg1 Rfxf5 32. Rxg4+ Kf7 33. Kg2 $18) 1-0

[Event "UW Open"]
[Site "?"]
[Date "1972.11.19"]
[Round "4"]
[White "Dean, R."]
[Black "Bailey, B."]
[Result "1/2-1/2"]
[WhiteElo "2037"]
[BlackElo "2038"]
[Annotator "Stockfish 14 (15s)"]
[PlyCount "89"]
[EventDate "1972.??.??"]

{C94: Closed Ruy Lopez: Breyer Variation with 10 d3} 1. e4 e5 2. Nf3 Nc6 3. Bb5
a6 4. Ba4 Nf6 5. O-O Be7 6. Re1 b5 7. Bb3 d6 8. c3 O-O 9. h3 Nb8 10. d3 Nbd7
11. Nbd2 Bb7 12. Nf1 Nc5 13. Bc2 Re8 14. Ng3 g6 15. Bh6 (15. b4 Ncd7 16. Bb3
Bf8 17. d4 c5 18. bxc5 dxc5 19. d5 c4 20. Bc2 Nc5 21. Nh2 Bc8 22. f4 exf4 23.
Bxf4 Bg7 24. Nf3 Nfd7 25. Qd2 Ne5 26. Nxe5 Bxe5 27. Rf1 Nd7 28. Ne2 Bg7 29. Nd4
Ne5 {Sax,G (2530)-Pinter,J (2420) Budapest 1976 1-0 (50)}) (15. d4 Ncd7 16. a4
c5 17. Bg5 Bf8 18. Qd2 Qb6 19. b3 exd4 20. cxd4 cxd4 21. a5 Qa7 22. Rad1 Rac8
23. Nxd4 Qc5 24. b4 Qc3 25. Qf4 Qxb4 26. Bb3 Bg7 27. Bh6 Re5 28. Re3 Rc3 29.
Bxg7 Rxe3 {Tsuboi,E (2344)-De Souza,M (2362) Sao Paulo 2004 1/2-1/2 (36)})
15... Bf8 16. Qd2 Bg7 17. b4 $146 (17. Rad1 Qe7 18. Bxg7 Kxg7 19. d4 Ncd7 20.
Qg5 Kh8 21. Bb3 Nf8 22. dxe5 dxe5 23. Rd2 N6d7 24. Red1 Nc5 25. Bd5 f6 26. Qh6
c6 27. Bb3 Nxb3 28. axb3 c5 29. h4 Rad8 30. h5 Rxd2 31. Rxd2 Qg7 {
Fuchs,R-Bykhovsky,A Kislovodsk 1964 1/2-1/2 (35)}) 17... Ncd7 18. d4 Qe7 19.
Bxg7 Kxg7 20. Qg5 Kh8 21. d5 (21. a4 $142 $5 $18) 21... Rac8 (21... c6 22. dxc6
Bxc6 23. Qd2 $14) 22. a4 $14 c6 23. dxc6 Bxc6 24. axb5 (24. Qe3 $5 $14) 24...
Bxb5 $11 25. Qd2 Nb6 26. Bd3 Nc4 27. Qe2 Nd7 28. Nd2 Ndb6 29. Nxc4 Nxc4 30. Nf1
Qd7 (30... Rc6 31. Nd2 Nxd2 32. Qxd2 Bxd3 33. Qxd3 $11) 31. Nd2 Nxd2 32. Qxd2
Ra8 $2 (32... Red8 $5 $14) 33. Red1 (33. c4 Bc6 $16) 33... Red8 (33... Bxd3 34.
Qxd3 Qc6 35. Ra5 $16) 34. Ra5 (34. c4 $142 Ba4 35. Rdb1 $16) 34... Bxd3 $2 (
34... Rac8 $142 $14) 35. Qxd3 $18 Qc6 36. Rda1 Rdc8 37. R1a3 Kg7 38. f3 Kg8 39.
Qd5 $4 (39. Kh2 $142 h5 40. Rxa6 Rxa6 41. Rxa6 (41. Qxa6 $6 Qxa6 42. Rxa6 Rxc3
$11) 41... Qxc3 42. Qxd6 $18) 39... Qb6+ $11 40. Kh2 Qe3 {
Exerts pressure on the backward pawn} 41. h4 g5 42. hxg5 Qxg5 43. Qd3 (43. Rxa6
$4 Rxa6 44. Rxa6 Rxc3 $19) 43... Qh4+ 44. Kg1 Qe1+ 45. Kh2 1/2-1/2

[Event "Wide Open"]
[Site "?"]
[Date "1972.11.25"]
[Round "1"]
[White "Bailey, B."]
[Black "Karch, D."]
[Result "1-0"]
[WhiteElo "2038"]
[BlackElo "1494"]
[Annotator "Stockfish 14 (15s)"]
[PlyCount "63"]
[EventDate "1972.??.??"]

{C70: Ruy Lopez: 3...a6 4 Ba4, Norwegian and Delayed Schliemann} 1. e4 e5 2.
Nf3 Nc6 3. Bb5 a6 4. Ba4 b5 5. Bb3 Bb7 6. O-O Bc5 7. c3 Qf6 $2 $146 (7... d6 8.
d4 (8. d3 h6 9. Nbd2 Nce7 10. d4 exd4 11. cxd4 Bb6 12. Re1 c6 13. Nf1 Qc7 14.
Bf4 g5 15. Bg3 Qd7 16. e5 d5 17. e6 fxe6 18. Ne5 Qc8 19. Qh5+ Kd8 20. Nf7+ Kd7
21. Nxh8 Bxd4 22. Qf7 Kd8 {Rodriguez Calvo,M-Calvino Solla,A Padron 2001 1-0})
8... exd4 (8... Bb6 9. Ng5 Nh6 10. Nf3 Ng8 11. a4 Nf6 12. Bg5 O-O 13. Na3 exd4
14. cxd4 b4 15. Nc2 Na5 16. Nd2 Nxb3 17. Nxb3 Bxe4 18. Nxb4 h6 19. Bh4 g5 20.
Bg3 c5 21. Na2 c4 22. Nd2 Bd3 23. Re1 {
Moore,R (1609)-Macaluso,E (1199) Kalamazoo 2002 0-1 (52)}) 9. cxd4 Bb6 10. Ng5
Nh6 11. Nf3 Qf6 12. Bxh6 gxh6 13. e5 dxe5 14. dxe5 Qg6 15. g3 Rd8 16. Qe2 Qg4
17. Nc3 Qh3 18. Nd5 Rxd5 19. Bxd5 Rg8 20. Kh1 Nd4 21. Qe4 f5 22. exf6+ {
Hoang Le My,A-Dao Thi Loan Phu Dong 2004 1-0}) (7... Nf6 8. d4 exd4 9. cxd4 Bb6
10. e5 Ng8 11. Bg5 f6 12. exf6 Nxf6 13. Re1+ Kf8 14. Nc3 Na5 15. Ne5 Nxb3 16.
Qxb3 d5 17. Ne4 Bc8 18. Nxf6 gxf6 19. Bh6+ Kg8 20. Qg3+ {
1-0 (20) Lehmann,K (2370)-Meyer,S Hamburg 1997}) (7... d6 8. d4 Bb6 9. Ng5 $16)
8. d3 (8. Re1 Bb6 9. d4 Nge7 $18) 8... h6 (8... Nge7 $5 $16) 9. Be3 $18 d6 10.
Nbd2 (10. a4 $142 Nge7 11. d4 exd4 12. cxd4 $16) 10... Nge7 $14 11. Bd5 (11. a4
$5 $14) 11... O-O 12. b4 (12. Bxc6 Nxc6 (12... Bxc6 $143 13. Nxe5 Qxe5 14. d4
$16) 13. Bxc5 dxc5 $11) 12... Ba7 (12... Bxe3 13. fxe3 Nxd5 14. exd5 $15) 13.
Nb3 (13. Bb3 $142 $5 $11) 13... Nxd5 $15 14. exd5 Ne7 15. c4 Rfe8 (15... Bc8
$17) 16. Nfd2 $2 (16. a4 bxc4 17. dxc4 Bc8 $11) 16... Nf5 $4 (16... Qg6 $142 $5
17. Bxa7 Rxa7 $17) 17. Ne4 (17. Bxa7 Rxa7 18. Qh5 Qg5 19. Qxg5 hxg5 $11) 17...
Qg6 $15 18. Bxa7 Rxa7 19. f3 $4 (19. Na5 $142 Bc8 20. Nc6 $15) 19... Ne3 $19
20. Qe2 (20. Qd2 Nxf1 21. Rxf1 Kh8 $19) 20... Nxf1 21. Kxf1 (21. Qxf1 c6 22.
Qf2 Rea8 $19) 21... Bc8 (21... Raa8 $142 22. Kg1 $19) 22. a4 (22. Qf2 Ra8 23.
Qg3 Qf5 $19) 22... bxc4 (22... bxa4 $142 23. Na5 f5 24. Nc3 $19) 23. dxc4 Bd7
24. Qf2 (24. Kg1 $19) 24... Rea8 (24... Rb7 25. b5 Ra8 26. Ra2 $19) 25. c5 $4 (
25. Na5 $142 $17) 25... Rb7 26. c6 (26. b5 axb5 27. c6 Bxc6 28. dxc6 Rb6 $19)
26... Rxb4 27. cxd7 Rxb3 28. Qc2 Rb7 29. Qc6 Rba7 30. Rb1 Kf8 (30... Rd8 31. a5
Qh5 32. Kg1 $19) 31. Rb7 (31. g4 Ke7 32. h3 f5 $19) 31... Ke7 (31... Rxb7 $142
32. Qxb7 Rd8 33. Qxc7 Ke7 $19) 32. Qxc7 (32. Qxc7 Rd8 33. Rxa7 f5 34. Ra8 Rxd7
35. Qb8 Qf7 36. Nxd6 Rxd6 37. Ra7+ Kf6 38. Qxd6+ Kg5 39. Rxf7 Kf4 40. Ke2 Kg5
41. Rxg7+ Kh5 42. Qg6+ Kh4 43. Qxh6#) (32. d8=Q+ Rxd8 33. Qxc7+ Rd7 34. Qxd7+
Kf8 35. Qd8#) 1-0